| 000 | 00687nam a2200181 a 4500 | ||
|---|---|---|---|
| 020 | _a0697339394 | ||
| 020 | _a0697281140 | ||
| 040 | _cDLC | ||
| 082 | 0 | 0 | _a301 BRO 1996 A077 Or. |
| 100 | 1 | _aJohnson, Allan G. | |
| 245 | 1 | 0 |
_aHuman arrangements : _ban introduction to sociology / |
| 250 | _a4th ed. | ||
| 260 |
_aMadison, Wis. : _bBrown & Benchmark Publishers, _cc1996. |
||
| 300 |
_axvi, 510 p. : _bill. (some col.) ; _c29 cm. + _e6 booklets. |
||
| 500 | _aAccompanied by six booklets: Marriage and the family, Education and schools, Science, technology, and medicine, Economic arrangements, Political institutions, and Religious institutions. | ||
| 650 | 0 | _aSociology. | |
| 942 | _cEK | ||
| 999 |
_c15587 _d15587 |
||